| 000 | 00797nam a22002777a 4500 | ||
|---|---|---|---|
| 001 | BR6008333 | ||
| 003 | BR-BrBNA | ||
| 005 | 20230928083311.0 | ||
| 007 | ta | ||
| 008 | 230509b bl.||||| |||| 00| 0 por d | ||
| 040 |
_aBR-BrBNA _bpor _cBiblioteca Nacional de Agricultura |
||
| 041 | _a(Por) | ||
| 072 |
_aL00; E70 _b5300 _b/G514 |
||
| 090 | _ 5300 BR6008333 | ||
| 110 | 1 |
_aSecretaria de Estado da Agricultura, Curitiba, PR (Brasil). Depto. de Economia Rural _98815 |
|
| 245 | 1 | _aPlano de desenvolvimento da suinocultura do Estado do Parana [Brasil] | |
| 260 | 3 |
_aCuritiba, PR (Brasil): _c1976. |
|
| 300 | _a54 p. | ||
| 650 | _aSUINOCULTURA | ||
| 650 | _aMERCADO | ||
| 650 | _aREBANHO | ||
| 650 | _aSUINO | ||
| 650 | _aPARANA | ||
| 909 |
_a202309 _bLucia _c55 _dLucia Elande |
||
| 942 | _cBK | ||
| 999 |
_c12670 _d12670 |
||